Largest U.S States over time - Statistics

General Stats
  • This quiz has been taken 182 times
  • The average score is 4 of 6
Answer Stats
Time largest State % Correct
1845-1861, 1870-1959 Texas
97%
1959-present Alaska
93%
1861-1870 California
89%
1781-1821 Virginia
71%
1837-1845 Michigan
34%
1821-1837 Missouri
28%
No matching quizzes found
Score Distribution
Percent of People with Each Score
Percentile by Number Answered
Your Score History
You have not taken this quiz